Moderná inventúra vám uľahčí život
Kvalitná inventúra ako nástroj zefektívnenia a zrýchlenia vnútropodnikových procesov. Moderné trendy (napr. RFID kód) a ich výhody. Ako rozpoznať profesionálov. Odporúčania, ako sa vyvarovať chýb.
Guardado en:
| Autor principal: | |
|---|---|
| Formato: | Capítulo de libro |
| Lenguaje: | eslovaco |
| Materias: | |
| Etiquetas: |
Sin Etiquetas, Sea el primero en etiquetar este registro!
|
MARC
| LEADER | 00000naa a2200000 4500 | ||
|---|---|---|---|
| 001 | 0268202 | ||
| 005 | 20200903123003.8 | ||
| 041 | 0 | |a slo | |
| 044 | |a SK | ||
| 245 | 1 | 0 | |a Moderná inventúra vám uľahčí život |c Michaela Petrášová |
| 520 | |a Kvalitná inventúra ako nástroj zefektívnenia a zrýchlenia vnútropodnikových procesov. Moderné trendy (napr. RFID kód) a ich výhody. Ako rozpoznať profesionálov. Odporúčania, ako sa vyvarovať chýb. | ||
| 610 | 2 | 0 | |a inventúra |
| 610 | 2 | 0 | |a procesy podnikové |
| 610 | 2 | 0 | |a technológie nové |
| 610 | 2 | 0 | |a technológie informačné |
| 610 | 2 | 0 | |a technológie komunikačné |
| 100 | 1 | |a Petrášová, Michaela | |